000 01035nam a2200229Ia 4500
001 L225-5094
003 IT-CnALBA
008 170116s9999||||xx |||||||||||||| ||und||
040 _aIT-CnALBA
_cIT-CnALBA
041 _aITALIANO
100 _aGASPARRI CARLO
245 0 _aLA TERRA DI DIO.
250 _a1a ed.
260 _aCINISELLO BALSAMO (MI)
_bEDIZIONI PAOLINE
_c1953 [1° Ed.:1953 - Ed.Ling.Originale: 1953]
300 _a158 p. (prefazione: 5)
500 _aGEOGRAFIA DELLA PALESTINA. CARTINE GEOGRAFICHE. ILLUSTRAZIONI FUORI TESTO. STORIA GERUSALEMME. BETLEMME. ITINERARI DELLA PALESTINA. EMMAUS. GIAFFA. NAZARETH. TABOR. TIBERIADE.
501 _aSocietà San Paolo EM - Piazza San Paolo, 14 - 12051 ALBA (CN) (non commercial uses only) ® Copyright 2017
520 _aGEOGRAFIA DELLA PALESTINA. CARTINE GEOGRAFICHE. ILLUSTRAZIONI FUORI TESTO. STORIA GERUSALEMME. BETLEMME. ITINERARI DELLA PALESTINA. EMMAUS. GIAFFA. NAZARETH. TABOR. TIBERIADE.
650 _aNUOVO TESTAMENTO
942 _cBK
957 _71
999 _a6075
_bNO
_g Copie: 1
_c264283
_d264283